| 000 | 01132cam a22003377a 4500 | ||
|---|---|---|---|
| 003 | CHAP | ||
| 005 | 20220817043421.0 | ||
| 008 | 980310d1996 mx a r 00010 spa d | ||
| 010 | _a74866 | ||
| 011 | _a75838 | ||
| 035 | _a85409 | ||
| 040 | _cCHAP | ||
| 090 | _aFolleto 14996 | ||
| 100 | 0 | 0 |
_aSánchez Rodríguez, Guillermo. _9107798 |
| 245 | 1 | 0 |
_aPlantaciones forestales comerciales : _bmodelos de desarrollo _c/por Guillermo Sánchez Rodríguez |
| 260 |
_aMorelia, Mich. : _bFideicomisos Instituídos en Relación con la Agricultura, _c1996. |
||
| 300 |
_a28 p. : _bilus. ; gráfs. |
||
| 410 | _aFIRA | ||
| 490 | 0 |
_aBoletin informativo _v; XXIX (285) |
|
| 590 |
_aBATCH-UPD _b10 _c20130110 _lUCH01 _h0753 |
||
| 590 |
_aBATCH-UPD _b10 _c20130410 _lUCH01 _h0433 |
||
| 590 |
_aBATCH-UPD _b10 _c20130914 _lUCH01 _h0650 |
||
| 590 |
_aCONVERSION _b10 _c20130109 _lUCH01 _h1341 |
||
| 650 | 1 | 4 |
_aPlantación de árboles. _988782 |
| 810 |
_aFIRA _941029 |
||
| 830 | 0 |
_aBoletin informativo _v; XXIX (285) |
|
| 901 | _aBK | ||
| 905 | _aAlejandra Carrasco M. | ||
| 942 | _cFOLL | ||
| 949 |
_aFolleto 14996 _bBC _cFOLL _d854091 _eTS1 _i85409 _si |
||
| 999 |
_c74866 _d74866 |
||